[Event "PRO League Group Stage"]
[Site "chess.com INT"]
[Date "2019.01.30"]
[Round "4"]
[White "Cheng, Bobby"]
[Black "Li, Di"]
[Result "0-1"]
[WhiteTitle "IM"]
[BlackTitle "IM"]
[WhiteElo "2520"]
[BlackElo "2488"]
[WhiteTeam "Australia Kangaroos"]
[BlackTeam "Chengdu Pandas"]
[WhiteFideId "4300033"]
[BlackFideId "8607508"]
[EventDate "2019.01.08"]

1. b3 b6 2. Bb2 Bb7 3. Nf3 Nf6 4. g3 Bxf3 5. exf3 c5 6. f4 Nc6 7. Bg2 e6 8. O-O
Be7 9. d3 O-O 10. Nd2 Rc8 11. Re1 Re8 12. h4 Bf8 13. Ne4 Nd4 14. a4 d5 15. Nd2
g6 16. Nf3 Nxf3+ 17. Qxf3 Bg7 18. Be5 Nd7 19. Re2 Nxe5 20. fxe5 c4 21. dxc4 dxc4
22. b4 c3 23. Qe4 Re7 24. a5 Rd7 25. axb6 Qxb6 26. Qe3 Rd4 27. b5 Rcc4 28. Bc6
h5 29. Kg2 Bf8 30. Qf3 Qc7 31. Re3 Bc5 32. Rxc3 Rxc3 33. Qxc3 Qxe5 34. Rd1 Qd6
35. Rxd4 Bxd4 36. Qf3 Kf8 37. Be4 Kg7 38. Bd3 Bb6 39. Qe4 Qc5 40. Qe2 Qd4 41.
Bc4 e5 42. Bb3 e4 43. Qe1 f5 44. Be6 Kf6 45. Bb3 Bc5 46. Qe2 Kg7 47. Ba2 Bb6 48.
Bb3 Qc3 49. Ba2 Bd4 50. Bb3 Kf6 51. Ba2 Kg7 52. Bb3 Kh6 53. Ba2 Kh7 54. Bb3 Bc5
55. Ba2 Kg7 56. Bb3 e3 57. fxe3 Bxe3 58. Bd5 Qe5 59. Qf3 f4 60. Qe4 Qf6 61. Bc4
Bc1 62. Qb7+ Kh6 63. Bg8 Qh8 64. Bf7 fxg3 65. Qe4 Qf6 66. Be8 Qf2+ 0-1

[Event "PRO League Group Stage"]
[Site "chess.com INT"]
[Date "2019.01.30"]
[Round "4"]
[White "Zhai, Mo"]
[Black "Song, Raymond"]
[Result "1-0"]
[WhiteTitle "WGM"]
[BlackTitle "FM"]
[WhiteElo "2365"]
[BlackElo "2329"]
[WhiteTeam "Chengdu Pandas"]
[BlackTeam "Australia Kangaroos"]
[WhiteFideId "8600201"]
[BlackFideId "3203824"]
[EventDate "2019.01.08"]

1. d4 Nf6 2. c4 e6 3. Nc3 Bb4 4. Nf3 O-O 5. Bg5 c5 6. d5 exd5 7. cxd5 h6 8. Bh4
d6 9. e3 Nbd7 10. Be2 Qa5 11. Rc1 Qxa2 12. O-O Qa5 13. Qd3 Re8 14. Bg3 Ne5 15.
Nxe5 dxe5 16. Nb5 Rd8 17. d6 e4 18. Qc2 Bf5 19. Rfd1 a6 20. Nc7 Rac8 21. Be5 Nd7
22. Ra1 Nxe5 23. Rxa5 Bxa5 24. Qxc5 Bxc7 25. dxc7 Re8 26. Rd8 Kh7 27. Rxe8 Rxe8
28. f4 exf3 29. gxf3 Bc8 30. f4 Nd7 31. Bd3+ Kg8 32. Qd4 Nf6 33. e4 Be6 34. e5
Nd5 35. f5 Nxc7 36. fxe6 Nxe6 37. Qb6 Nf4 38. Be4 g5 39. Qxb7 Rxe5 40. Qb8+ 1-0

[Event "PRO League Group Stage"]
[Site "chess.com INT"]
[Date "2019.01.30"]
[Round "4"]
[White "Robson, Ray"]
[Black "Sevian, Samuel"]
[Result "1-0"]
[WhiteTitle "GM"]
[BlackTitle "GM"]
[WhiteElo "2667"]
[BlackElo "2647"]
[WhiteTeam "Webster Windmills"]
[BlackTeam "Montclair Sopranos"]
[WhiteFideId "2023970"]
[BlackFideId "2040506"]
[EventDate "2019.01.08"]

1. e4 e5 2. Nf3 Nc6 3. Bb5 a6 4. Ba4 Nf6 5. O-O Be7 6. Re1 b5 7. Bb3 O-O 8. a4
b4 9. d4 d6 10. dxe5 Nxe5 11. Nxe5 dxe5 12. Qxd8 Rxd8 13. Nd2 Bc5 14. a5 Bb7 15.
h3 Rd4 16. Nf3 Rxe4 17. Be3 Bxe3 18. fxe3 h6 19. Rad1 c5 20. Nd2 Rh4 21. Nc4 Bd5
22. Nb6 Bxb3 23. Nxa8 Bxc2 24. Rd8+ Kh7 25. Nc7 b3 26. e4 c4 27. Nxa6 c3 28.
bxc3 b2 29. Rb8 b1=Q 30. Rbxb1 Bxb1 31. Rxb1 Rxe4 32. Nb4 Rc4 33. a6 Rxc3 34. a7
Ra3 35. Nc6 Nd5 36. Rb8 Nc7 37. Rc8 Nb5 38. a8=Q Rxa8 39. Rxa8 f6 40. Ne7 h5 41.
Rb8 Nd4 42. Rb7 Kh6 43. Kf2 Kg5 44. Nd5 g6 45. h4+ Kxh4 46. Nxf6 Nf5 47. Ne4 Kg4
48. Rb6 Kf4 49. Nc3 Kg5 50. Re6 Nh6 51. Rxe5+ Kf4 52. Re4+ Kf5 53. Ra4 g5 54.
Ra5+ Kf4 55. Ne2+ Kg4 56. Ra4+ Kf5 57. Ng3+ 1-0

[Event "PRO League Group Stage"]
[Site "chess.com INT"]
[Date "2019.01.30"]
[Round "4"]
[White "Lenderman, Aleksandr"]
[Black "Ashwin, Jayaram"]
[Result "1-0"]
[WhiteTitle "GM"]
[BlackTitle "GM"]
[WhiteElo "2637"]
[BlackElo "2500"]
[WhiteTeam "Montclair Sopranos"]
[BlackTeam "Webster Windmills"]
[WhiteFideId "2021285"]
[BlackFideId "5018137"]
[EventDate "2019.01.08"]

1. Nf3 Nf6 2. c4 b6 3. g3 c5 4. Bg2 Bb7 5. O-O g6 6. Nc3 Bg7 7. d4 cxd4 8. Qxd4
Nc6 9. Qf4 Qb8 10. Qh4 h6 11. Qh3 Na5 12. Bf4 d6 13. Nd2 Bc8 14. g4 Bxg4 15. Qe3
Nb7 16. Nb5 O-O 17. Qxe7 Nd7 18. Qh4 Bxe2 19. Rfe1 g5 20. Qh3 gxf4 21. Rxe2 Ne5
22. Qf5 a6 23. Nd4 Ra7 24. Be4 Ng6 25. Nc6 Qc7 26. Nxa7 Na5 27. Nf3 Qxa7 28. Nh4
f3 29. Re3 Nxc4 30. Nxg6 fxg6 31. Qd5+ Qf7 32. Rxf3 1-0

[Event "PRO League Group Stage"]
[Site "chess.com INT"]
[Date "2019.01.30"]
[Round "4"]
[White "Boros, Denes"]
[Black "Checa, Nicolas"]
[Result "1/2-1/2"]
[WhiteTitle "GM"]
[BlackTitle "IM"]
[WhiteElo "2442"]
[BlackElo "2508"]
[WhiteTeam "Webster Windmills"]
[BlackTeam "Montclair Sopranos"]
[WhiteFideId "722340"]
[BlackFideId "2069342"]
[EventDate "2019.01.08"]

1. Nf3 d5 2. g3 Bg4 3. Bg2 Nd7 4. h3 Bxf3 5. Bxf3 c6 6. d4 Ngf6 7. Nd2 e6 8. e4
dxe4 9. Nxe4 Nxe4 10. Bxe4 Nf6 11. Bf3 Bd6 12. Qe2 O-O 13. O-O Re8 14. Rd1 Qc7
15. Bg5 Be7 16. Bg2 h6 17. Be3 e5 18. Qc4 exd4 19. Rxd4 Bd6 20. Rd3 Be5 21. c3
Red8 22. Rad1 Rxd3 23. Qxd3 Qa5 24. a3 Bc7 25. Bd4 Rd8 26. Qc2 Bb6 27. Bxf6
Rxd1+ 28. Qxd1 gxf6 29. Be4 Qe5 30. Qf3 Kg7 31. Kg2 a5 32. a4 Bc5 33. h4 Kf8 34.
Qg4 Qe6 35. Qf4 Kg7 36. Bd3 Qd5+ 37. Be4 Qe6 38. Bf5 Qd5+ 39. Be4 Qe6 40. Bc2
Qd5+ 41. Be4 1/2-1/2

[Event "PRO League Group Stage"]
[Site "chess.com INT"]
[Date "2019.01.30"]
[Round "4"]
[White "Foisor, Sabina-Francesca"]
[Black "Grabinsky, Aaron"]
[Result "0-1"]
[WhiteTitle "WGM"]
[WhiteElo "2276"]
[BlackElo "2350"]
[WhiteTeam "Montclair Sopranos"]
[BlackTeam "Webster Windmills"]
[WhiteFideId "1212915"]
[BlackFideId "2087090"]
[EventDate "2019.01.08"]

1. d4 e6 2. Nf3 Nf6 3. c4 Bb4+ 4. Bd2 Qe7 5. e3 O-O 6. a3 Bxd2+ 7. Qxd2 b6 8.
Nc3 Bb7 9. Bd3 d6 10. O-O-O e5 11. Nh4 g6 12. f4 exd4 13. exd4 Ng4 14. h3 Ne3
15. Rde1 Qxh4 16. Rxe3 Nc6 17. Ne2 Rfe8 18. d5 Na5 19. Kc2 Ba6 20. g3 Qf6 21. b3
c6 22. Nc3 b5 23. Ne4 Qd4 24. Qxa5 Qxe3 25. Nf6+ Kf8 26. Nxe8 bxc4 27. bxc4 Bxc4
28. Bxc4 Qe4+ 29. Bd3 Qg2+ 30. Kc3 Qxh1 31. Qc7 Qc1+ 32. Bc2 Qxa3+ 33. Bb3 Qc5+
34. Bc4 Rxe8 35. Qxc6 Rc8 36. Qxc5 Rxc5 0-1

[Event "PRO League Group Stage"]
[Site "chess.com INT"]
[Date "2019.02.01"]
[Round "4"]
[White "Huschenbeth, Niclas"]
[Black "Duda, Jan-Krzysztof"]
[Result "0-1"]
[WhiteTitle "GM"]
[BlackTitle "GM"]
[WhiteElo "2585"]
[BlackElo "2738"]
[WhiteTeam "Berlin Bears"]
[BlackTeam "Cannes Blitzstreams"]
[WhiteFideId "24604747"]
[BlackFideId "1170546"]
[EventDate "2019.01.08"]

1. e4 e5 2. Nf3 Nf6 3. d4 Nxe4 4. Bd3 Nc6 5. dxe5 Nc5 6. Bf4 Nxd3+ 7. Qxd3 d6 8.
exd6 Bxd6 9. Bxd6 Qxd6 10. Qxd6 cxd6 11. O-O Bg4 12. Nbd2 O-O-O 13. Rfe1 f6 14.
h3 Bh5 15. c3 d5 16. Nd4 Nxd4 17. cxd4 Kd7 18. Nf1 Bg6 19. Ne3 Kd6 20. f3 Rc8
21. Rac1 a5 22. Kf2 Rc6 23. h4 Rhc8 24. Rxc6+ Rxc6 25. h5 Bxh5 26. Nf5+ Kd7 27.
Re7+ Kc8 28. Ne3 Rc7 29. Re6 Bf7 30. Rb6 Be8 31. Nxd5 Rc2+ 32. Kg3 Bc6 33. Ne7+
Kc7 34. Rb3 a4 35. Rb4 b5 36. Nxc6 Kxc6 37. d5+ Kc5 38. a3 Rc4 39. Rxc4+ bxc4
40. Kf4 Kxd5 41. Ke3 h5 42. f4 g5 43. fxg5 fxg5 44. Kf3 Kd4 0-1

[Event "PRO League Group Stage"]
[Site "chess.com INT"]
[Date "2019.02.01"]
[Round "4"]
[White "Velten, Paul"]
[Black "Lampert, Jonas"]
[Result "0-1"]
[WhiteTitle "GM"]
[BlackTitle "IM"]
[WhiteElo "2496"]
[BlackElo "2544"]
[WhiteTeam "Cannes Blitzstreams"]
[BlackTeam "Berlin Bears"]
[WhiteFideId "681091"]
[BlackFideId "1303759"]
[EventDate "2019.01.08"]

1. d4 Nf6 2. Nf3 b6 3. c4 e6 4. a3 Bb7 5. Nc3 d5 6. cxd5 Nxd5 7. Bg5 Be7 8. Bxe7
Qxe7 9. e3 O-O 10. Be2 Nxc3 11. bxc3 c5 12. O-O Nd7 13. a4 e5 14. a5 Rfd8 15.
Re1 cxd4 16. cxd4 exd4 17. Nxd4 Ne5 18. Bf1 Qf6 19. h3 h6 20. axb6 axb6 21. Rxa8
Bxa8 22. Qe2 Qg6 23. Rc1 Be4 24. Rc7 Kh7 25. f4 Nd3 26. Qa2 Qg3 27. Qd2 Rxd4 28.
exd4 Nxf4 29. Rxf7 Nxh3+ 30. Kh1 Qh4 31. Rf8 Ng5+ 32. Kg1 Qg3 33. d5 Qd6 34. Rf4
Qg6 35. Kf2 Bf5 36. d6 Qf7 37. Bd3 g6 38. Bxf5 gxf5 39. Qd3 Ne4+ 40. Qxe4 Qa2+
41. Qe2 Qd5 42. Qe7+ Kg6 43. d7 Qd2+ 44. Kg3 Qe3+ 45. Rf3 Qxe7 46. Rd3 Qd8 47.
Kf4 b5 48. Rd6+ Kf7 49. Kxf5 Ke7 50. Ke5 b4 51. Re6+ Kf7 52. Rd6 b3 53. Rd1 b2
54. Kd6 Qb8+ 55. Kc6 Qd8 56. Rf1+ Kg6 57. Rb1 Qf6+ 58. Kc7 Qc3+ 59. Kb8 Qb3+ 60.
Kc8 Qc2+ 61. Kb7 Qxb1 0-1

[Event "PRO League Group Stage"]
[Site "chess.com INT"]
[Date "2019.02.01"]
[Round "4"]
[White "Baldauf, Marco"]
[Black "Barseghyan, Harutyun"]
[Result "1-0"]
[WhiteTitle "IM"]
[BlackTitle "IM"]
[WhiteElo "2485"]
[BlackElo "2457"]
[WhiteTeam "Berlin Bears"]
[BlackTeam "Cannes Blitzstreams"]
[WhiteFideId "4688210"]
[BlackFideId "13304585"]
[EventDate "2019.01.08"]

1. c4 Nf6 2. Nc3 e6 3. d4 d5 4. cxd5 exd5 5. Bg5 Be7 6. e3 O-O 7. Bd3 Nbd7 8.
Qc2 c6 9. Nf3 Re8 10. h3 Nf8 11. Bf4 Ne6 12. Bh2 g6 13. O-O Ng7 14. Rab1 Bf5 15.
b4 a6 16. a4 b5 17. Ne5 Rc8 18. Rfc1 Bxd3 19. Qxd3 Nd7 20. axb5 Nxe5 21. Bxe5 f6
22. Bf4 axb5 23. Ne2 Nf5 24. Qb3 Kg7 25. Ra1 Bd6 26. Ra6 Qd7 27. Qc3 Ne7 28.
Rca1 Rc7 29. Bxd6 Qxd6 30. Nf4 Rec8 31. Nd3 Kf7 32. Qa3 Qd8 33. Qa2 Nf5 34. Nc5
Nd6 35. e4 Nc4 36. Qe2 Re7 37. Ra7 Rcc7 38. Ra8 Rc8 39. R8a7 Rcc7 40. Rxc7 Qxc7
41. Qf3 Nd2 42. Qe3 Nxe4 43. Qh6 Nxc5 44. Qxh7+ Ke6 45. Qg8+ Kf5 46. bxc5 Re2
47. g4+ Kg5 48. h4+ Kxg4 49. Qxg6+ Kxh4 50. Ra8 Re1+ 51. Kg2 1-0

[Event "PRO League Group Stage"]
[Site "chess.com INT"]
[Date "2019.02.01"]
[Round "4"]
[White "Bordi, Kevin"]
[Black "Florstedt, Johannes"]
[Result "0-1"]
[BlackTitle "FM"]
[WhiteElo "2288"]
[BlackElo "2320"]
[WhiteTeam "Cannes Blitzstreams"]
[BlackTeam "Berlin Bears"]
[WhiteFideId "621862"]
[BlackFideId "12922293"]
[EventDate "2019.01.08"]

1. d4 Nf6 2. Bg5 d5 3. Bxf6 gxf6 4. e3 c5 5. c4 dxc4 6. Bxc4 cxd4 7. exd4 Nc6 8.
Nf3 Bg7 9. O-O O-O 10. h3 f5 11. Nc3 Nxd4 12. Nxd4 Qxd4 13. Qb3 e6 14. Rfd1 Qb6
15. Qxb6 axb6 16. Rd6 Ra5 17. Rxb6 Rc5 18. Bb3 Rd8 19. Rd1 Rxd1+ 20. Bxd1 Bxc3
21. bxc3 Rxc3 22. Bf3 Rc7 23. g3 Kf8 24. Kg2 Ke7 25. h4 Kf6 26. Rb5 Ke7 27. Rb6
Kf6 28. Rb5 e5 29. Rb6+ Be6 30. Bxb7 Rxb7 0-1

[Event "PRO League Group Stage"]
[Site "chess.com INT"]
[Date "2019.02.01"]
[Round "4"]
[White "Andriasian, Zaven"]
[Black "Van Wely, Loek"]
[Result "0-1"]
[WhiteTitle "GM"]
[BlackTitle "GM"]
[WhiteElo "2604"]
[BlackElo "2622"]
[WhiteTeam "Armenia Eagles"]
[BlackTeam "Amsterdam Mosquitoes"]
[WhiteFideId "13302000"]
[BlackFideId "1000268"]
[EventDate "2019.01.08"]

1. e4 c5 2. Nf3 e6 3. d3 Nc6 4. Nbd2 d5 5. g3 Nf6 6. Bg2 Be7 7. O-O O-O 8. Re1
b5 9. e5 Nd7 10. Nf1 a5 11. Bf4 a4 12. h4 a3 13. b3 Bb7 14. N1h2 Rc8 15. h5 c4
16. h6 g6 17. bxc4 dxc4 18. Rb1 cxd3 19. cxd3 Nb4 20. Re2 Bd5 21. Ra1 Nc5 22.
Rd2 Na4 23. Ng4 Nc3 24. Qf1 Nbxa2 25. Nf6+ Bxf6 26. exf6 b4 27. Ne5 b3 28. Nc4
Bxg2 29. Qxg2 b2 30. Nxb2 axb2 31. Rxb2 Qxd3 32. Kh2 Rfd8 33. Qb7 Qd7 34. Qxd7
Rxd7 35. Rc2 Rcd8 36. Be5 Rd3 37. Kh3 Kf8 38. f4 Ke8 39. Rcxa2 Nxa2 40. Rxa2 Rc8
41. Ra7 Rd7 42. Ra3 Rb7 43. Rd3 Ra8 44. Kg4 Rd7 45. Rb3 Kd8 46. Rc3 Rda7 47. Rb3
Kc8 48. Rb1 Kd7 49. Rb6 Rc8 50. Rd6+ Ke8 51. Rb6 Rca8 52. Bb8 Rd7 53. Be5 Kd8
54. Rb3 Kc8 55. Rb2 Rd3 56. Rc2+ Kd8 57. Kh4 Raa3 58. g4 Rh3+ 59. Kg5 Rag3 60.
f5 gxf5 61. Rd2+ Ke8 62. Bxg3 Rxg3 63. Kf4 Rxg4+ 64. Ke5 Ra4 65. Rg2 Kd7 66.
Rd2+ Kc7 67. Rc2+ Kb6 68. Kd6 f4 69. Rb2+ Ka5 70. Ke7 f3 71. Kxf7 Rf4 72. Rf2 e5
73. Kg7 e4 74. f7 e3 75. Ra2+ Kb4 76. f8=Q+ Rxf8 77. Kxf8 f2 78. Ra1 e2 79. Kg7
f1=Q 80. Rxf1 exf1=Q 81. Kxh7 Qf7+ 82. Kh8 Qf8+ 83. Kh7 Kc5 84. Kg6 Qg8+ 85. Kf6
Qh7 86. Kg5 Kd6 0-1

[Event "PRO League Group Stage"]
[Site "chess.com INT"]
[Date "2019.02.01"]
[Round "4"]
[White "Van Foreest, Jorden"]
[Black "Martirosyan, Haik M."]
[Result "1/2-1/2"]
[WhiteTitle "GM"]
[BlackTitle "GM"]
[WhiteElo "2612"]
[BlackElo "2607"]
[WhiteTeam "Amsterdam Mosquitoes"]
[BlackTeam "Armenia Eagles"]
[WhiteFideId "1039784"]
[BlackFideId "13306553"]
[EventDate "2019.01.08"]

1. e4 c6 2. Nf3 d5 3. d3 dxe4 4. dxe4 Qxd1+ 5. Kxd1 Nf6 6. Nbd2 g6 7. c3 Bg7 8.
Ne1 Ng4 9. Nd3 Nd7 10. Nc4 O-O 11. f3 Nge5 12. Ndxe5 Nxe5 13. Be3 Be6 14. Nxe5
Bxe5 15. Kc2 a5 16. a4 f5 17. Bd3 f4 18. Bb6 Kf7 19. Rad1 Rfc8 20. Bf2 b5 21.
Ra1 Rcb8 22. axb5 cxb5 23. Bd4 Kf6 24. g3 fxg3 25. hxg3 h5 26. f4 Bxd4 27. cxd4
b4 28. d5 Bg4 29. Kb3 Bd7 30. e5+ Kg7 31. f5 a4+ 32. Kc2 Rc8+ 33. Kd2 Bxf5 34.
Bxf5 gxf5 35. Rxh5 Ra5 36. Ke3 a3 37. bxa3 bxa3 38. Rg5+ Kh6 39. Rxf5 Kg6 40.
Rf2 Rc3+ 41. Kd4 Rxg3 42. d6 Rg4+ 43. Kc3 Rxe5 44. dxe7 Rg3+ 45. Kd4 Rxe7 46.
Rfa2 Ree3 47. Kc4 Kf6 48. Kb4 Re4+ 49. Kc5 Rg5+ 50. Kd6 Re6+ 51. Kd7 Re7+ 52.
Kd6 Re6+ 53. Kd7 Rg7+ 54. Kd8 Rd6+ 55. Kc8 Rc6+ 56. Kb8 Rb6+ 57. Kc8 Rc6+ 58.
Kb8 Rd6 59. Rf2+ Ke7 60. Re2+ Kf8 61. Rf1+ Kg8 62. Re8+ Kh7 63. Rh1+ Kg6 64. Rf8
Rb6+ 65. Ka8 Ra6+ 66. Kb8 Rb6+ 67. Ka8 a2 68. Rg1+ Kh7 69. Rh1+ Kg6 70. Rg1+ Kh7
71. Rh1+ Rh6 72. Rh8+ Kxh8 73. Rxh6+ Kg8 74. Ra6 Rg2 75. Kb7 Kf7 76. Ra3 Ke6 77.
Kc6 Rc2+ 78. Kb5 Kd5 79. Kb4 Kd4 80. Kb3 Rh2 81. Rxa2 Rxa2 82. Kxa2 1/2-1/2

[Event "PRO League Group Stage"]
[Site "chess.com INT"]
[Date "2019.02.01"]
[Round "4"]
[White "Sargsyan, Shant"]
[Black "Lopez, Jasel"]
[Result "1/2-1/2"]
[WhiteTitle "IM"]
[BlackTitle "FM"]
[WhiteElo "2486"]
[BlackElo "2388"]
[WhiteTeam "Armenia Eagles"]
[BlackTeam "Amsterdam Mosquitoes"]
[WhiteFideId "13306766"]
[BlackFideId "15900045"]
[EventDate "2019.01.08"]

1. d4 e6 2. c4 d5 3. Nf3 Nf6 4. Nc3 Bb4 5. Bg5 h6 6. Bxf6 Qxf6 7. e3 O-O 8. Qb3
Bxc3+ 9. Qxc3 c6 10. Bd3 Nd7 11. O-O dxc4 12. Bxc4 c5 13. Rfd1 b6 14. Bb5 Qe7
15. Rac1 cxd4 16. Nxd4 Nf6 17. Nc6 Qb7 18. Qa3 Nd5 19. Rxd5 exd5 20. Ne7+ Kh7
21. Bc6 Qb8 22. Bxa8 Qxa8 23. Nxd5 Qxd5 24. Qxf8 Bb7 25. f3 Qd2 26. Rf1 Qxe3+
27. Kh1 Qe2 28. Rg1 Bxf3 29. h4 Qe6 30. Qb8 Be4 31. Kh2 Qxa2 32. Qe5 Qc4 33. b3
Qe2 34. Qg3 a5 35. Re1 Qc2 36. Rf1 f5 37. h5 Qc6 38. Rd1 Qe8 39. Qg6+ Qxg6 40.
hxg6+ Kxg6 41. Rd6+ Kg5 42. Rxb6 h5 43. Rb5 Bc2 44. Kg3 g6 45. Kf3 Bd1+ 46. Kf2
Kg4 47. Rxa5 Bxb3 48. Ra3 Bf7 49. Ra7 Bd5 50. Ra4+ Be4 51. Ra3 h4 52. Rb3 g5 53.
Ra3 Kf4 54. Rb3 g4 55. Ra3 g3+ 56. Kg1 Kg4 57. Re3 h3 58. Ra3 f4 59. Ra4 h2+ 60.
Kh1 Bc6 61. Rc4 Bf3 62. Rb4 Be2 63. Re4 Bf3 64. Rd4 Bc6 65. Rb4 Bd5 66. Rd4 Bc6
67. Rxf4+ Kxf4 1/2-1/2

[Event "PRO League Group Stage"]
[Site "chess.com INT"]
[Date "2019.02.01"]
[Round "4"]
[White "Van der Lende, Ilias"]
[Black "Manukian, Artak"]
[Result "1-0"]
[WhiteTitle "FM"]
[WhiteElo "2334"]
[BlackElo "2196"]
[WhiteTeam "Amsterdam Mosquitoes"]
[BlackTeam "Armenia Eagles"]
[WhiteFideId "1019260"]
[BlackFideId "13301373"]
[EventDate "2019.01.08"]

1. Nf3 d5 2. d4 Nf6 3. Bf4 e6 4. e3 c5 5. Nc3 a6 6. a3 Nc6 7. h3 Bd6 8. dxc5
Bxc5 9. Bd3 O-O 10. e4 dxe4 11. Nxe4 Nxe4 12. Bxe4 Qxd1+ 13. Rxd1 f6 14. Bxc6
bxc6 15. Bd6 Bxd6 16. Rxd6 e5 17. Rxc6 Bb7 18. Rc7 Bxf3 19. gxf3 Rfc8 20. Rxc8+
Rxc8 21. Kd2 Kf7 22. b3 Ke6 23. Rg1 g5 24. Rg4 h5 25. Ra4 Rc6 26. c4 Kf5 27. Ke3
h4 28. Ra5 Rd6 29. c5 Rd1 30. c6 Rb1 31. b4 Rb3+ 32. Kd2 Ke6 33. Rc5 Rb2+ 34.
Kc1 1-0

[Event "PRO League Group Stage"]
[Site "chess.com INT"]
[Date "2019.02.01"]
[Round "4"]
[White "Gupta, Abhijeet"]
[Black "Vidit, Santosh Gujrathi"]
[Result "0-1"]
[WhiteTitle "GM"]
[BlackTitle "GM"]
[WhiteElo "2581"]
[BlackElo "2695"]
[WhiteTeam "Delhi Dynamite"]
[BlackTeam "Mumbai Movers"]
[WhiteFideId "5010608"]
[BlackFideId "5029465"]
[EventDate "2019.01.08"]

1. d4 Nf6 2. c4 e6 3. Nc3 Bb4 4. e3 O-O 5. Ne2 c6 6. a3 Ba5 7. c5 d5 8. cxd6
Qxd6 9. b4 Bc7 10. Bb2 e5 11. Qc2 Qe7 12. g3 exd4 13. Nxd4 Rd8 14. O-O-O a5 15.
b5 Bd6 16. Nf5 Bxf5 17. Qxf5 Nbd7 18. a4 Ba3 19. Bxa3 Qxa3+ 20. Kc2 Nc5 21. Bc4
Nxa4 22. Nxa4 Qxa4+ 23. Bb3 Qxb5 24. Qxb5 cxb5 25. Kb2 Kf8 26. f3 Ke7 27. e4 a4
28. Ba2 b4 29. Bc4 Nd7 30. Bd5 Nc5 31. Ka2 Rac8 32. Rd4 b3+ 33. Ka3 b5 34. Rb4
Rb8 35. Rc1 Rdc8 36. f4 f6 37. e5 fxe5 38. fxe5 Rc7 39. Rf1 Ne6 40. Rg4 Rd8 41.
Rxg7+ Nxg7 42. Rf7+ Ke8 43. Rxc7 Rxd5 44. Rxg7 Rd2 45. e6 Ra2+ 46. Kb4 b2 0-1

[Event "PRO League Group Stage"]
[Site "chess.com INT"]
[Date "2019.02.01"]
[Round "4"]
[White "Ganguly, Surya Shekhar"]
[Black "Narayanan, S.L."]
[Result "1-0"]
[WhiteTitle "GM"]
[BlackTitle "GM"]
[WhiteElo "2638"]
[BlackElo "2575"]
[WhiteTeam "Mumbai Movers"]
[BlackTeam "Delhi Dynamite"]
[WhiteFideId "5002150"]
[BlackFideId "5058422"]
[EventDate "2019.01.08"]

1. Nf3 d5 2. e3 Nf6 3. c4 e6 4. Nc3 a6 5. b3 b6 6. Bb2 Bb7 7. cxd5 exd5 8. d4
Bd6 9. g3 O-O 10. Bg2 Re8 11. O-O Nbd7 12. Rc1 Ne4 13. Ne2 a5 14. Nf4 Qe7 15.
Nd3 Ndf6 16. Rc2 a4 17. Nh4 axb3 18. axb3 g6 19. Ne5 c5 20. Nd3 Ba6 21. dxc5
bxc5 22. Re1 Rab8 23. Nf4 Bb7 24. Bxf6 Nxf6 25. Nxd5 Bxd5 26. Bxd5 Red8 27. Rd2
Be5 28. Rd3 Bc3 29. Re2 Nxd5 30. Rxd5 Ra8 31. Rxd8+ Rxd8 32. Qc2 Bb4 33. Kg2 Qd7
34. Qc4 Ra8 35. Nf3 Ra1 36. Ne5 Qb7+ 37. e4 Qe7 38. Nd3 Qd6 39. e5 Qc6+ 40. f3
Qe6 41. Qxe6 fxe6 42. Nxb4 cxb4 43. Re4 Ra2+ 44. Kh3 h5 45. Rxb4 Kg7 46. Rb6 g5
47. Rxe6 Rf2 48. Rf6 Rb2 49. f4 gxf4 50. gxf4 Rxb3+ 51. Kh4 Rb2 52. h3 Rb3 53.
Rf5 Rf3 54. e6 Kg6 55. e7 1-0

[Event "PRO League Group Stage"]
[Site "chess.com INT"]
[Date "2019.02.01"]
[Round "4"]
[White "Nihal, Sarin"]
[Black "Sadhwani, Raunak"]
[Result "0-1"]
[WhiteTitle "GM"]
[BlackTitle "IM"]
[WhiteElo "2578"]
[BlackElo "2451"]
[WhiteTeam "Delhi Dynamite"]
[BlackTeam "Mumbai Movers"]
[WhiteFideId "25092340"]
[BlackFideId "35093487"]
[EventDate "2019.01.08"]

1. e4 e5 2. Nf3 Nf6 3. Nxe5 d6 4. Nf3 Nxe4 5. Nc3 Nxc3 6. dxc3 Be7 7. Be3 O-O 8.
Qd2 Nd7 9. O-O-O Nf6 10. Bd3 c5 11. Kb1 Qa5 12. Rhe1 Be6 13. c4 Qxd2 14. Bxd2 h6
15. h3 Rfe8 16. Bc3 d5 17. Bxf6 Bxf6 18. cxd5 Bxd5 19. Rxe8+ Rxe8 20. Bh7+ Kxh7
21. Rxd5 Re2 22. Rd2 Rxd2 23. Nxd2 Kg6 24. Ne4 Be7 25. c3 Kf5 26. Ng3+ Ke5 27.
Ne2 Ke4 28. Ng3+ Kd3 29. Kc1 g6 30. Kd1 Bh4 31. Nh1 f5 32. g3 Be7 33. f4 c4 34.
g4 Bh4 35. gxf5 gxf5 0-1

[Event "PRO League Group Stage"]
[Site "chess.com INT"]
[Date "2019.02.01"]
[Round "4"]
[White "Aditya, Mittal"]
[Black "Manu, David Suthandram R"]
[Result "0-1"]
[WhiteTitle "CM"]
[WhiteElo "2251"]
[BlackElo "2252"]
[WhiteTeam "Mumbai Movers"]
[BlackTeam "Delhi Dynamite"]
[WhiteFideId "35042025"]
[BlackFideId "35019562"]
[EventDate "2019.01.08"]

1. d4 Nf6 2. c4 e6 3. Nc3 d5 4. Nf3 c5 5. cxd5 exd5 6. g3 Nc6 7. Bg2 Bg4 8. dxc5
Bxc5 9. O-O h6 10. h3 Be6 11. b3 O-O 12. Bb2 Qd7 13. Kh2 Rad8 14. e3 Ne4 15.
Nxe4 dxe4 16. Qxd7 Rxd7 17. Ne5 Rd2 18. Bc1 Nxe5 19. Bxd2 f5 20. Bc3 Nd3 21.
Rad1 Rc8 22. Ba1 Bb6 23. f3 Rc2 24. fxe4 fxe4 25. Bd4 Bc7 26. Kg1 Bxg3 27. Bxe4
Bh2+ 28. Kh1 Nf2+ 29. Kxh2 Nxe4+ 30. Kg1 Bxh3 31. Rf3 Rg2+ 32. Kh1 Nf2+ 33. Rxf2
Rxf2 34. Bxa7 Rxa2 35. Rd8+ Kf7 36. Bd4 Bg2+ 37. Kh2 Bc6+ 38. Kg3 g5 39. Rh8
Rg2+ 40. Kh3 Kg6 41. Rc8 Rg1 42. Kh2 Rg2+ 43. Kh3 Rf2 44. Rh8 Kh5 45. Bg7 g4+
46. Kg3 Rf3+ 47. Kh2 Rh3+ 48. Kg1 Kg6 49. Be5 Rxe3 50. Rxh6+ Kf5 51. Bd4 Rxb3
52. Rf6+ Ke4 53. Bf2 g3 54. Bc5 Rb1+ 55. Rf1 Rxf1+ 56. Kxf1 Kd3 57. Ke1 b5 58.
Kd1 g2 59. Ke1 b4 60. Kf2 b3 61. Ba3 Kc2 62. Kg1 b2 63. Bxb2 Kxb2 64. Kf2 Kc2
65. Kg1 Kd2 66. Kf2 Kd3 67. Kg1 Ke3 68. Kh2 Kf2 69. Kh3 g1=Q 70. Kh4 Qg6 71. Kh3
Qg3# 0-1